Проектирование и технология производства электронных устройств ядерного приборостроения

Dettagli Bibliografici
Autore principale: Белов А. Ф. Анатолий Филиппович
Altri autori: Курков Е. В. Евгений Васильевич
Lingua:russo
Pubblicazione: Москва, Атомиздат, 1980
Soggetti:
Natura: MixedMaterials Libro
KOHA link:https://koha.lib.tpu.ru/cgi-bin/koha/opac-detail.pl?biblionumber=260252

MARC

LEADER 00000nam0a2200000 4500
001 260252
005 20231101233448.0
035 |a (RuTPU)RU\TPU\book\283200 
090 |a 260252 
100 |a 20140514d1980 km y0rusy50 ca 
101 0 |a rus 
102 |a RU 
105 |a a z 001zy 
200 1 |a Проектирование и технология производства электронных устройств ядерного приборостроения  |f А. Ф. Белов, Е. В. Курков 
210 |a Москва  |c Атомиздат  |d 1980 
215 |a 166 с.  |c ил. 
320 |a Библиогр.: с. 272-280. 
606 1 |a Ядерное приборостроение  |2 stltpush  |3 (RuTPU)RU\TPU\subj\21593  |9 46553 
610 1 |a ядерная электроника 
610 1 |a узлы 
610 1 |a блоки 
610 1 |a изготовление 
610 1 |a микроузлы 
610 1 |a расчет 
610 1 |a проектирование 
675 |a 539.1.075  |v 3 
700 1 |a Белов  |b А. Ф.  |g Анатолий Филиппович 
701 1 |a Курков  |b Е. В.  |g Евгений Васильевич 
801 1 |a RU  |b 63413507  |c 20140514 
801 2 |a RU  |b 63413507  |c 20150205  |g RCR 
942 |c BK